000 00586nam a2200181 a 4500
008 031118s1969||||xo 0 slo c
040 _aSNK
_bslo
_cSNK
_eAACR2
041 1 _aslo
_hpol
044 _axo
_cSK
080 _a884-3
100 1 _aDąbrowska, Maria
_4aut
245 1 0 _aNoci a dni 1
_b(románový cyklus)
_n1
_n2
_n3
_n4
_n5
_cMaria Dąbrowska ; (z poľ. orig. prel. M. Babiaková-Bajová)
260 _aBratislava
_c1969
_eTurčiansky Sv. Martin
_fKníhtlačiarsky účastinársky spolok
_bTatran
650 0 7 _aromány poľské
_2SNK
700 1 _4trl
020 _c58
958 _aAUL
999 _c10349
_d10349